[Event "EUYCC 2025 - U10"]
[Site "?"]
[Date "2025.08.24"]
[Round "6.5"]
[White "Skouroupathis, Kyriakos"]
[Black "Horvath, Kornel"]
[Result "1-0"]
[BlackElo "1635"]
[WhiteElo "1798"]
[LiveChessVersion "1.4.8"]

1. Nc3 {[%clk 1:30:57]} d5 {[%clk 1:30:51]} 2. e4 {[%clk 1:31:21]} d4
{[%clk 1:31:06]} 3. Nce2 {[%clk 1:31:42]} g6 {[%clk 1:30:54]} 4. Ng3
{[%clk 1:31:46]} Bg7 {[%clk 1:30:09]} 5. Nf3 {[%clk 1:32:03]} e5 {[%clk 1:28:27]}
6. Bc4 {[%clk 1:32:13]} Nc6 {[%clk 1:26:59]} 7. d3 {[%clk 1:32:19]} Nf6
{[%clk 1:26:06]} 8. O-O {[%clk 1:31:25]} O-O {[%clk 1:26:00]} 9. Bg5
{[%clk 1:28:42]} Qd6 {[%clk 1:19:24]} 10. Qd2 {[%clk 1:24:42]} Ne7
{[%clk 1:11:57]} 11. Nh4 {[%clk 1:17:52]} a5 {[%clk 1:04:43]} 12. f4
{[%clk 1:17:21]} exf4 {[%clk 1:02:45]} 13. Qxf4 {[%clk 1:07:53]} Qxf4
{[%clk 1:03:03]} 14. Rxf4 {[%clk 1:07:24]} Bd7 {[%clk 0:53:10]} 15. a3
{[%clk 1:03:47]} b5 {[%clk 0:53:29]} 16. Ba2 {[%clk 1:04:03]} Ra6
{[%clk 0:53:56]} 17. Raf1 {[%clk 1:03:39]} Be6 {[%clk 0:53:20]} 18. Bxe6
{[%clk 1:01:17]} fxe6 {[%clk 0:53:42]} 19. Bxf6 {[%clk 1:01:37]} e5
{[%clk 0:51:17]} 20. Bxe5 {[%clk 1:02:06]} Rxf4 {[%clk 0:49:52]} 21. Bxf4
{[%clk 1:02:33]} Rc6 {[%clk 0:48:34]} 22. Rf2 {[%clk 1:00:51]} Bf6
{[%clk 0:47:44]} 23. Nf3 {[%clk 0:59:48]} h5 {[%clk 0:46:33]} 24. Bg5
{[%clk 0:59:10]} Bxg5 {[%clk 0:46:25]} 25. Nxg5 {[%clk 0:59:21]} h4
{[%clk 0:46:47]} 26. Nf1 {[%clk 0:59:35]} Rc5 {[%clk 0:46:43]} 27. Ne6
{[%clk 0:58:04]} Rc6 {[%clk 0:46:26]} 28. Rf8+ {[%clk 0:58:25]} Kh7
{[%clk 0:46:44]} 29. Rf7+ {[%clk 0:58:54]} Kg8 {[%clk 0:46:52]} 30. Rxe7
{[%clk 0:59:21]} Rxc2 {[%clk 0:47:08]} 31. b4 {[%clk 0:59:16]} a4
{[%clk 0:46:52]} 32. Nxd4 {[%clk 0:59:02]} Rc3 {[%clk 0:47:06]} 33. Nxb5
{[%clk 0:59:24]} Rxd3 {[%clk 0:47:24]} 34. Rxc7 {[%clk 0:59:46]} Rd1
{[%clk 0:47:19]} 35. Nc3 {[%clk 0:59:06]} Re1 {[%clk 0:47:30]} 36. Kf2
{[%clk 0:57:38]} Ra1 {[%clk 0:47:37]} 37. e5 {[%clk 0:57:38]} h3 {[%clk 0:48:00]}
38. gxh3 {[%clk 0:57:52]} g5 {[%clk 0:48:26]} 39. e6 {[%clk 0:58:13]} Kf8
{[%clk 0:48:25]} 40. Ne4 {[%clk 0:58:11]} g4 {[%clk 0:48:41]} 41. Rf7+
{[%clk 0:58:32]} Ke8 {[%clk 0:48:51]} 42. Nd6+ {[%clk 0:58:56]} Kd8
{[%clk 0:49:07]} 43. Rd7# {[%clk 0:59:24]} 1-0

[Event "EUYCC 2025 - U10"]
[Site "?"]
[Date "2025.08.24"]
[Round "6.6"]
[White "Szczurek, Julia"]
[Black "Bostina, Vladimir-Ioan"]
[Result "1-0"]
[BlackElo "1697"]
[WhiteElo "1479"]
[LiveChessVersion "1.4.8"]

1. e4 {[%clk 1:30:58]} c5 {[%clk 1:30:59]} 2. Nf3 {[%clk 1:31:21]} d6
{[%clk 1:31:24]} 3. c3 {[%clk 1:31:46]} Nf6 {[%clk 1:31:28]} 4. Bd3
{[%clk 1:32:10]} g6 {[%clk 1:30:48]} 5. Bc2 {[%clk 1:32:21]} Nbd7
{[%clk 1:29:15]} 6. O-O {[%clk 1:30:22]} Bg7 {[%clk 1:27:12]} 7. d4
{[%clk 1:28:40]} b6 {[%clk 1:11:20]} 8. Bf4 {[%clk 1:25:51]} Bb7 {[%clk 1:08:57]}
9. Re1 {[%clk 1:23:29]} O-O {[%clk 0:55:46]} 10. Nbd2 {[%clk 1:18:15]} Rc8
{[%clk 0:34:38]} 11. h3 {[%clk 1:04:03]} Re8 {[%clk 0:23:44]} 12. Rc1
{[%clk 0:56:16]} e5 {[%clk 0:17:36]} 13. dxe5 {[%clk 0:54:49]} dxe5
{[%clk 0:15:56]} 14. Bh2 {[%clk 0:51:22]} Bh6 {[%clk 0:11:31]} 15. Qe2
{[%clk 0:46:11]} Qc7 {[%clk 0:09:25]} 16. Rcd1 {[%clk 0:45:10]} Bf4
{[%clk 0:01:00]} 17. Bb3 {[%clk 0:36:59]} Bxh2+ {[%clk 0:00:58]} 18. Kxh2
{[%clk 0:36:48]} Nf8 {[%clk 0:00:44]} 19. Kg1 {[%clk 0:31:04]} Ne6
{[%clk 0:00:54]} 20. Bc2 {[%clk 0:24:32]} Nf4 {[%clk 0:00:45]} 21. Qe3
{[%clk 0:23:11]} Rcd8 {[%clk 0:00:46]} 22. Nc4 {[%clk 0:22:39]} Rxd1
{[%clk 0:00:36]} 23. Rxd1 {[%clk 0:23:01]} Ne6 {[%clk 0:00:32]} 24. Nfxe5
{[%clk 0:21:10]} b5 {[%clk 0:00:33]} 25. Nd6 {[%clk 0:21:22]} Nf8
{[%clk 0:00:33]} 26. Nxe8 {[%clk 0:21:44]} Qxe5 {[%clk 0:00:34]} 27. Nxf6+
{[%clk 0:21:44]} Qxf6 {[%clk 0:01:01]} 28. Qxc5 {[%clk 0:21:25]} Ne6
{[%clk 0:01:23]} 29. Qxa7 Bc6 {[%clk 0:01:36]} 30. Qe3 {[%clk 0:21:22]} Nf4
{[%clk 0:01:32]} 31. Qf3 {[%clk 0:20:29]} b4 {[%clk 0:01:29]} 32. Kh1
{[%clk 0:19:46]} Bb5 {[%clk 0:01:35]} 33. Re1 {[%clk 0:18:00]} bxc3
{[%clk 0:00:34]} 34. g3 Nh5 {[%clk 0:00:32]} 35. Qxf6 {[%clk 0:17:53]} Nxf6
{[%clk 0:01:01]} 36. bxc3 {[%clk 0:18:21]} Bc4 {[%clk 0:01:04]} 37. a4
{[%clk 0:18:40]} Ba6 {[%clk 0:01:31]} 38. Bb3 {[%clk 0:18:34]} Bb7
{[%clk 0:01:39]} 39. f3 {[%clk 0:18:59]} Nd7 {[%clk 0:02:03]} 40. a5
{[%clk 0:18:56]} Nc5 {[%clk 0:02:29]} 41. Bc4 {[%clk 0:19:00]} Kf8
{[%clk 0:02:49]} 42. Rb1 {[%clk 0:19:17]} Bc6 {[%clk 0:03:12]} 43. a6
{[%clk 0:19:36]} Ke7 {[%clk 0:03:29]} 44. a7 {[%clk 0:20:00]} Nxe4
{[%clk 0:03:47]} 45. Re1 {[%clk 0:19:54]} Kd6 {[%clk 0:04:00]} 46. fxe4
{[%clk 0:20:15]} f5 {[%clk 0:04:23]} 47. Bd5 {[%clk 0:20:33]} Bxd5
{[%clk 0:04:38]} 48. exd5 {[%clk 0:20:54]} f4 {[%clk 0:05:07]} 49. a8=Q
{[%clk 0:21:14]} fxg3 {[%clk 0:05:30]} 50. Qc6# {[%clk 0:21:25]} 1-0

[Event "EUYCC 2025 - U10"]
[Site "?"]
[Date "2025.08.24"]
[Round "6.7"]
[White "Vanek, Michal"]
[Black "Ser, Karina"]
[Result "1/2-1/2"]
[BlackElo "1427"]
[WhiteElo "1669"]
[LiveChessVersion "1.4.8"]

1. e4 {[%clk 1:30:58]} d6 {[%clk 1:30:49]} 2. d4 {[%clk 1:31:23]} Nf6
{[%clk 1:31:30]} 3. Nc3 {[%clk 1:32:16]} Nbd7 {[%clk 1:31:12]} 4. Nf3
{[%clk 1:32:33]} e5 {[%clk 1:30:49]} 5. Bc4 {[%clk 1:32:20]} Be7 {[%clk 1:30:45]}
6. O-O {[%clk 1:32:05]} h6 {[%clk 1:28:35]} 7. Re1 {[%clk 1:31:21]} c6
{[%clk 1:28:00]} 8. a4 {[%clk 1:31:07]} Qc7 {[%clk 1:18:05]} 9. h3
{[%clk 1:30:10]} O-O {[%clk 1:14:32]} 10. Be3 {[%clk 1:29:19]} b6
{[%clk 1:06:09]} 11. Nh2 {[%clk 1:26:19]} exd4 {[%clk 1:04:05]} 12. Bxd4
{[%clk 1:23:55]} c5 {[%clk 1:01:58]} 13. Be3 {[%clk 1:23:28]} Ne5
{[%clk 1:01:01]} 14. Bd5 {[%clk 1:16:26]} Nxd5 {[%clk 1:01:07]} 15. Nxd5
{[%clk 1:16:48]} Qd8 {[%clk 1:01:21]} 16. b3 {[%clk 1:15:09]} Bb7
{[%clk 0:59:07]} 17. Ng4 {[%clk 1:14:13]} Nxg4 {[%clk 0:57:30]} 18. Qxg4
{[%clk 1:13:05]} Kh7 {[%clk 0:57:28]} 19. Rad1 {[%clk 1:01:05]} Bxd5
{[%clk 0:54:39]} 20. Rxd5 {[%clk 0:59:18]} Qc7 {[%clk 0:51:43]} 21. Bf4
{[%clk 0:50:18]} Rad8 {[%clk 0:48:46]} 22. c4 {[%clk 0:49:17]} Qd7
{[%clk 0:45:16]} 23. Qg3 {[%clk 0:46:46]} Qe6 {[%clk 0:45:19]} 24. Kf1
{[%clk 0:43:04]} Qg6 {[%clk 0:40:53]} 25. Qd3 {[%clk 0:39:30]} Rfe8
{[%clk 0:37:41]} 26. Re3 {[%clk 0:35:39]} Bf8 {[%clk 0:36:26]} 27. Rf5
{[%clk 0:29:28]} Qe6 {[%clk 0:35:04]} 28. e5 {[%clk 0:25:55]} dxe5
{[%clk 0:33:13]} 29. Rfxe5+ {[%clk 0:24:58]} Rxd3 {[%clk 0:33:33]} 30. Rxe6
{[%clk 0:25:07]} Red8 {[%clk 0:31:19]} 31. Rxd3 {[%clk 0:23:03]} Rxd3
{[%clk 0:31:31]} 32. Re3 {[%clk 0:23:09]} Rd7 {[%clk 0:31:27]} 33. Ke2
{[%clk 0:21:58]} Be7 {[%clk 0:30:36]} 34. Rd3 {[%clk 0:21:25]} Rd8
{[%clk 0:30:13]} 35. Rxd8 {[%clk 0:18:20]} Bxd8 {[%clk 0:30:34]} 36. g4
{[%clk 0:16:43]} g5 {[%clk 0:29:19]} 37. Be5 {[%clk 0:15:45]} f6 {[%clk 0:29:35]}
38. Bd6 {[%clk 0:15:44]} Kg7 {[%clk 0:28:14]} 39. f4 {[%clk 0:13:47]} Kf7
{[%clk 0:26:53]} 40. f5 {[%clk 0:13:52]} Ke8 {[%clk 0:25:31]} 41. Bg3
{[%clk 0:13:31]} Kd7 {[%clk 0:25:35]} 1/2-1/2

[Event "EUYCC 2025 - U10"]
[Site "?"]
[Date "2025.08.24"]
[Round "6.8"]
[White "Grigore, Melania-Cristina"]
[Black "Hornacek, Tomas"]
[Result "1-0"]
[BlackElo "1710"]
[WhiteElo "1433"]
[LiveChessVersion "1.4.8"]

1. e4 {[%clk 1:30:59]} c5 {[%clk 1:30:52]} 2. Nf3 {[%clk 1:31:27]} e6
{[%clk 1:31:14]} 3. d4 {[%clk 1:31:47]} cxd4 4. Nxd4 {[%clk 1:32:12]} Nf6
{[%clk 1:32:05]} 5. Nc3 {[%clk 1:32:33]} d6 {[%clk 1:32:30]} 6. Be3
{[%clk 1:32:56]} a6 {[%clk 1:32:50]} 7. f4 {[%clk 1:33:24]} Be7 {[%clk 1:32:57]}
8. Qf3 {[%clk 1:33:49]} Nbd7 {[%clk 1:32:13]} 9. g4 {[%clk 1:30:23]} Nc5
{[%clk 1:30:52]} 10. g5 {[%clk 1:30:10]} Nfd7 {[%clk 1:31:01]} 11. O-O-O
{[%clk 1:30:16]} Qc7 {[%clk 1:30:24]} 12. b4 {[%clk 1:26:26]} e5 {[%clk 1:29:58]}
13. Nd5 {[%clk 1:26:42]} Qd8 {[%clk 1:29:45]} 14. Nxe7 {[%clk 1:27:01]} Qxe7
{[%clk 1:29:55]} 15. Nf5 {[%clk 1:27:21]} Qf8 {[%clk 1:29:01]} 16. bxc5
{[%clk 1:27:13]} dxc5 {[%clk 1:29:05]} 17. Nd6+ {[%clk 1:26:55]} Ke7
{[%clk 1:28:33]} 18. f5 {[%clk 1:26:01]} f6 {[%clk 1:22:09]} 19. gxf6+
{[%clk 1:25:18]} Qxf6 {[%clk 1:22:11]} 20. Rg1 {[%clk 1:25:44]} h6
{[%clk 1:22:35]} 21. Rg6 {[%clk 1:25:59]} Qf8 {[%clk 1:22:32]} 22. Qg3
{[%clk 1:25:34]} Rg8 {[%clk 1:21:14]} 23. Bxh6 {[%clk 1:25:17]} 1-0

[Event "EUYCC 2025 - U10"]
[Site "?"]
[Date "2025.08.24"]
[Round "6.9"]
[White "Plancarova, Monika"]
[Black "Siska, Samuel"]
[Result "0-1"]
[BlackElo "1687"]
[WhiteElo "1406"]
[LiveChessVersion "1.4.8"]

1. e4 {[%clk 1:30:58]} Nc6 {[%clk 1:30:35]} 2. d4 {[%clk 1:30:28]} d5
{[%clk 1:30:31]} 3. Nc3 {[%clk 1:30:13]} dxe4 {[%clk 1:30:37]} 4. Nxe4
{[%clk 1:29:53]} Qxd4 {[%clk 1:31:00]} 5. Bd3 {[%clk 1:26:53]} Nf6
{[%clk 1:21:04]} 6. Nf3 {[%clk 1:26:03]} Qd8 {[%clk 1:20:18]} 7. Qe2
{[%clk 1:22:33]} Nxe4 {[%clk 1:11:17]} 8. Bxe4 {[%clk 1:22:09]} Bd7
{[%clk 1:10:15]} 9. Bf4 {[%clk 1:20:37]} e6 {[%clk 1:09:21]} 10. Rd1
{[%clk 1:20:44]} Qc8 {[%clk 1:08:54]} 11. O-O {[%clk 1:16:56]} Be7
{[%clk 1:08:32]} 12. Rd3 {[%clk 1:16:24]} Nb4 {[%clk 1:07:22]} 13. Rc3
{[%clk 1:16:19]} c6 {[%clk 1:02:27]} 14. a3 {[%clk 1:14:51]} Nd5 {[%clk 1:02:23]}
15. Bxd5 {[%clk 1:15:06]} exd5 {[%clk 1:02:38]} 16. Re1 {[%clk 1:13:40]} Be6
{[%clk 0:58:07]} 17. Nd4 {[%clk 1:10:12]} O-O {[%clk 0:57:35]} 18. Nxe6
{[%clk 1:05:40]} fxe6 {[%clk 0:57:55]} 19. Bd2 {[%clk 1:02:23]} Bf6
{[%clk 0:57:45]} 20. Rh3 {[%clk 0:57:27]} Rf7 {[%clk 0:50:14]} 21. Qh5
{[%clk 0:56:15]} g6 {[%clk 0:49:58]} 22. Rg3 {[%clk 0:54:50]} Bg7
{[%clk 0:49:34]} 23. Qh3 {[%clk 0:48:57]} e5 {[%clk 0:49:22]} 24. Rg4
{[%clk 0:48:51]} Qf5 {[%clk 0:48:04]} 25. f3 {[%clk 0:46:37]} Qxc2
{[%clk 0:45:38]} 26. Bc3 {[%clk 0:46:48]} d4 {[%clk 0:45:26]} 27. Bb4
{[%clk 0:41:23]} c5 {[%clk 0:45:19]} 28. Bxc5 {[%clk 0:37:28]} Qxc5
{[%clk 0:45:42]} 29. Re2 {[%clk 0:35:24]} d3+ {[%clk 0:45:54]} 30. Rf2
{[%clk 0:34:11]} d2 {[%clk 0:46:09]} 31. g3 {[%clk 0:33:06]} d1=Q+
{[%clk 0:46:24]} 32. Kg2 {[%clk 0:33:26]} Qe1 {[%clk 0:46:37]} 33. Rf1
{[%clk 0:32:47]} Qxf1+ {[%clk 0:46:38]} 34. Kxf1 {[%clk 0:33:10]} Rxf3+
{[%clk 0:47:03]} 35. Ke1 {[%clk 0:33:14]} Qe3+ {[%clk 0:47:18]} 36. Kd1
{[%clk 0:33:28]} Rc8 {[%clk 0:47:02]} 37. Rc4 {[%clk 0:32:12]} Rxc4
{[%clk 0:47:24]} 38. Qe6+ {[%clk 0:32:39]} Kh8 {[%clk 0:47:29]} 39. Qxc4
{[%clk 0:32:54]} Qg1+ {[%clk 0:47:09]} 40. Kc2 {[%clk 0:32:20]} Rf2+
{[%clk 0:45:59]} 41. Kb3 {[%clk 0:32:14]} Qd1+ {[%clk 0:46:19]} 42. Kb4
{[%clk 0:32:21]} Rxb2+ {[%clk 0:46:40]} 43. Kc5 {[%clk 0:32:31]} Bf8#
{[%clk 0:46:57]} 0-1

[Event "EUYCC 2025 - U10"]
[Site "?"]
[Date "2025.08.24"]
[Round "6.12"]
[White "Bartosova, Emma"]
[Black "Stricova, Viktoria Lea"]
[Result "0-1"]
[BlackElo "1610"]
[WhiteElo "1409"]
[LiveChessVersion "1.4.8"]

1. e4 {[%clk 1:30:58]} d5 {[%clk 1:30:31]} 2. exd5 {[%clk 1:31:20]} Qxd5
{[%clk 1:30:36]} 3. Nc3 {[%clk 1:31:36]} Qa5 {[%clk 1:29:46]} 4. Bc4
{[%clk 1:31:30]} Nf6 {[%clk 1:28:41]} 5. Nf3 {[%clk 1:29:51]} Bg4
{[%clk 1:27:39]} 6. d3 {[%clk 1:29:23]} c6 {[%clk 1:24:29]} 7. Bd2
{[%clk 1:24:13]} Qd8 {[%clk 1:21:54]} 8. Bf4 {[%clk 1:22:01]} e6 {[%clk 1:20:03]}
9. O-O {[%clk 1:20:21]} Bd6 {[%clk 1:16:37]} 10. Bg3 {[%clk 1:16:20]} O-O
{[%clk 1:14:32]} 11. d4 {[%clk 1:14:27]} Bc7 {[%clk 1:08:59]} 12. Qd3
{[%clk 1:11:13]} Bxf3 {[%clk 0:58:06]} 13. Qxf3 {[%clk 1:10:10]} Bxg3
{[%clk 0:54:47]} 14. Qxg3 {[%clk 1:10:03]} Qxd4 {[%clk 0:53:22]} 15. Bb3
{[%clk 1:07:12]} Qd8 {[%clk 0:47:33]} 16. Rad1 {[%clk 1:03:14]} Qe7
{[%clk 0:47:11]} 17. Rfe1 {[%clk 1:02:36]} Na6 {[%clk 0:42:37]} 18. a3
{[%clk 0:51:09]} Rad8 {[%clk 0:41:48]} 19. Qf3 {[%clk 0:44:31]} Rxd1
{[%clk 0:41:02]} 20. Rxd1 {[%clk 0:44:39]} Rd8 {[%clk 0:40:26]} 21. Rxd8+
{[%clk 0:39:14]} Qxd8 {[%clk 0:40:16]} 22. h3 {[%clk 0:38:23]} Nc5
{[%clk 0:39:20]} 23. Ba2 {[%clk 0:34:29]} Nd5 {[%clk 0:36:40]} 24. Nxd5
{[%clk 0:34:42]} cxd5 {[%clk 0:36:40]} 25. b4 {[%clk 0:33:58]} Nd7
{[%clk 0:35:33]} 26. Qd3 {[%clk 0:31:47]} a6 {[%clk 0:32:56]} 27. c4
{[%clk 0:31:00]} dxc4 {[%clk 0:31:48]} 28. Bxc4 {[%clk 0:31:15]} Qc7
{[%clk 0:30:43]} 29. b5 {[%clk 0:27:52]} Ne5 {[%clk 0:26:10]} 30. Qd4
{[%clk 0:26:53]} Nxc4 {[%clk 0:25:26]} 31. bxa6 {[%clk 0:26:05]} bxa6
{[%clk 0:21:35]} 32. a4 {[%clk 0:25:52]} h6 {[%clk 0:20:43]} 33. Qc3
{[%clk 0:25:07]} a5 {[%clk 0:18:21]} 34. Qc2 {[%clk 0:22:29]} Qc5
{[%clk 0:17:23]} 35. Qc3 {[%clk 0:21:30]} Qb4 {[%clk 0:16:27]} 36. Qc2
{[%clk 0:21:01]} Nb6 {[%clk 0:15:41]} 37. Qd1 {[%clk 0:17:59]} Nxa4
{[%clk 0:15:07]} 38. Qd8+ {[%clk 0:17:53]} Kh7 {[%clk 0:14:44]} 39. Qd3+
{[%clk 0:17:15]} g6 {[%clk 0:13:41]} 40. Qd7 {[%clk 0:16:07]} Kg7
{[%clk 0:13:20]} 41. Qc7 {[%clk 0:14:49]} Qc3 {[%clk 0:12:51]} 42. Qxc3+
{[%clk 0:13:46]} Nxc3 {[%clk 0:13:06]} 43. Kf1 {[%clk 0:14:12]} a4
{[%clk 0:13:18]} 44. Ke1 {[%clk 0:12:09]} a3 {[%clk 0:13:39]} 45. Kd2
{[%clk 0:12:38]} a2 {[%clk 0:13:43]} 46. Kxc3 {[%clk 0:13:04]} a1=Q+
{[%clk 0:14:03]} 47. Kd2 {[%clk 0:13:29]} Qa3 {[%clk 0:14:13]} 48. Ke2
{[%clk 0:13:23]} Kf6 {[%clk 0:14:29]} 49. Kf1 {[%clk 0:13:30]} Qa2
{[%clk 0:14:32]} 50. Kg1 {[%clk 0:13:39]} Qe2 {[%clk 0:14:30]} 51. f3
{[%clk 0:13:23]} Kg5 {[%clk 0:14:42]} 52. Kh2 {[%clk 0:13:31]} Kh4
{[%clk 0:14:50]} 53. f4 {[%clk 0:13:56]} Qe3 {[%clk 0:14:47]} 54. f5
{[%clk 0:13:51]} exf5 {[%clk 0:14:52]} 55. Kh1 {[%clk 0:13:58]} Kg3
{[%clk 0:15:01]} 56. h4 {[%clk 0:14:24]} Qe1# {[%clk 0:15:15]} 0-1

[Event "EUYCC 2025 - U10"]
[Site "?"]
[Date "2025.08.24"]
[Round "6.16"]
[White "Jongejan, Evienne"]
[Black "Andrasinova, Natalia"]
[Result "1/2-1/2"]
[BlackElo "1572"]
[WhiteElo "1576"]
[LiveChessVersion "1.4.8"]

1. e4 {[%clk 1:30:56]} e5 {[%clk 1:30:54]} 2. Nf3 {[%clk 1:31:12]} Nc6
{[%clk 1:31:14]} 3. d4 {[%clk 1:31:21]} exd4 {[%clk 1:31:37]} 4. Nxd4
{[%clk 1:31:34]} Bc5 {[%clk 1:31:57]} 5. Nb3 {[%clk 1:31:32]} Bb6
{[%clk 1:32:18]} 6. Nc3 {[%clk 1:31:48]} Qf6 {[%clk 1:32:30]} 7. Qf3
{[%clk 1:31:24]} d6 {[%clk 1:32:24]} 8. Nd5 {[%clk 1:28:49]} Qxf3
{[%clk 1:31:07]} 9. gxf3 {[%clk 1:29:05]} Be6 {[%clk 1:28:51]} 10. Bb5
{[%clk 1:28:26]} Bd7 {[%clk 1:25:41]} 11. Be3 {[%clk 1:26:07]} O-O-O
{[%clk 1:22:41]} 12. Bxb6 {[%clk 1:25:21]} axb6 {[%clk 1:22:27]} 13. O-O-O
{[%clk 1:24:41]} Ne5 {[%clk 1:19:47]} 14. Bxd7+ {[%clk 1:24:34]} Rxd7
{[%clk 1:18:46]} 15. f4 {[%clk 1:23:46]} Nc6 {[%clk 1:16:10]} 16. Rd3
{[%clk 1:22:06]} Nge7 {[%clk 1:12:43]} 17. Kb1 {[%clk 1:21:26]} Re8
{[%clk 1:08:12]} 18. Nd4 {[%clk 1:18:32]} Nxd5 {[%clk 1:06:30]} 19. exd5
{[%clk 1:18:38]} Rde7 {[%clk 1:05:06]} 20. dxc6 {[%clk 1:18:34]} Re1+
{[%clk 1:04:05]} 21. Rd1 {[%clk 1:18:53]} Rxh1 {[%clk 1:04:09]} 22. Rxh1
{[%clk 1:19:16]} Re4 {[%clk 1:04:21]} 23. cxb7+ {[%clk 1:19:26]} Kxb7
{[%clk 1:04:29]} 24. Nf5 {[%clk 1:18:05]} g6 {[%clk 1:04:06]} 25. Ng3
{[%clk 1:17:25]} Rxf4 {[%clk 1:03:34]} 26. Rf1 {[%clk 1:17:23]} Rh4
{[%clk 1:03:15]} 27. f4 {[%clk 1:07:42]} Rxh2 {[%clk 1:03:07]} 28. f5
{[%clk 1:07:59]} Rg2 {[%clk 0:59:27]} 29. fxg6 {[%clk 1:08:09]} fxg6
{[%clk 0:59:47]} 30. Ne4 {[%clk 1:07:01]} h5 {[%clk 0:59:17]} 31. a3
{[%clk 1:07:08]} h4 {[%clk 0:58:13]} 32. Rh1 {[%clk 1:07:23]} g5 {[%clk 0:56:36]}
33. Nf6 {[%clk 1:06:28]} Rf2 {[%clk 0:56:22]} 34. Ne4 {[%clk 1:06:07]} Rg2
{[%clk 0:55:52]} 35. c3 {[%clk 1:05:30]} Kc6 {[%clk 0:55:01]} 36. Nf6
{[%clk 1:01:36]} d5 {[%clk 0:53:06]} 37. b4 {[%clk 1:00:09]} Rg3 {[%clk 0:52:23]}
38. Kb2 {[%clk 0:56:45]} h3 {[%clk 0:51:46]} 39. Kb3 {[%clk 0:53:49]} d4
{[%clk 0:51:01]} 40. Ne4 {[%clk 0:51:19]} Rg4 {[%clk 0:49:42]} 41. Nf2
{[%clk 0:48:01]} Rg3 {[%clk 0:49:37]} 42. Nxh3 {[%clk 0:46:59]} Rxc3+
{[%clk 0:49:54]} 43. Kb2 {[%clk 0:46:52]} g4 {[%clk 0:49:30]} 44. Nf4
{[%clk 0:40:04]} Rf3 {[%clk 0:47:54]} 45. Ne6 {[%clk 0:40:09]} Rf2+
{[%clk 0:47:00]} 46. Kb3 {[%clk 0:40:06]} d3 {[%clk 0:46:05]} 47. Rd1
{[%clk 0:37:21]} d2 {[%clk 0:44:27]} 48. Ng5 {[%clk 0:29:43]} g3 {[%clk 0:37:57]}
49. Ne4 {[%clk 0:30:04]} Rf3+ {[%clk 0:35:50]} 50. Kb2 {[%clk 0:30:12]} g2
{[%clk 0:33:04]} 51. Nxd2 {[%clk 0:29:41]} Rf2 {[%clk 0:32:57]} 52. Kc1
{[%clk 0:29:52]} Rf4 {[%clk 0:30:39]} 53. Rg1 {[%clk 0:29:20]} Rg4
{[%clk 0:30:33]} 54. Nf3 {[%clk 0:29:09]} Rg3 {[%clk 0:29:45]} 55. Nd4+
{[%clk 0:26:49]} Kd5 {[%clk 0:28:54]} 56. Nc2 {[%clk 0:25:50]} Kc4
{[%clk 0:28:17]} 57. Kb2 {[%clk 0:25:17]} Kb5 {[%clk 0:27:31]} 58. Ne1
{[%clk 0:24:25]} Ka4 {[%clk 0:27:02]} 59. Rxg2 {[%clk 0:22:44]} Rxa3
{[%clk 0:26:58]} 60. Rg7 {[%clk 0:22:35]} Rb3+ {[%clk 0:26:42]} 61. Kc2
{[%clk 0:21:15]} Rxb4 {[%clk 0:26:20]} 62. Rxc7 {[%clk 0:21:25]} Kb5
{[%clk 0:26:08]} 63. Kd2 {[%clk 0:21:06]} Rc4 {[%clk 0:25:57]} 64. Rd7
{[%clk 0:20:47]} 1/2-1/2